00225nam a22000857a 4500082001700000100002000017245006800037260002500105300000900130 a940.53 FUL'S aFULLER, J. F. C aTHE SECOND WORLD WAR 1939-45 A STRATEGICAL AND TACTICAL HISTORY aNEWYORKbDUELLc1962 a431P